• 首页
  • 本馆介绍
  • 公告通知
  • 最新文献
  • 馆藏检索
  • 电子资源
  • 读者导购
  • 参考咨询
  • 我的图书馆
  • 登录
  • 详细信息显示
  • 放入我的书架
  • 预约/预借图书
  • 作者相关作品
  • 分类相关作品
  • 丛书相关作品
  • 出版社相关作品

书目信息

  • 表格格式
  • 工作单格式
  • 卡片格式
题名:
编辑出版实务
    
 
作者: 胡太春 , 金梦玉 编著
分册:  
出版信息: 北京   中国广播影视出版社  2018
页数: 187页
开本: 26cm
丛书名:
单 册:
中图分类: G232 , G237.6
科图分类:
主题词: 编辑工作--bian ji gong zuo--出版工作--高等学校--教材 , 电子出版物--dian zi chu ban wu--出版工作--高等学校--教材
电子资源:
ISBN: 978-7-5043-8113-2
000 01346nam0 2200325 450
001 012001009559
005 20140102144221.0
010    @a978-7-5043-8113-2@dCNY33.00
099    @aCAL 012018130731
100    @a20180822d2018 em y0chiy50 ea
101 0  @achi
102    @aCN@b110000
105    @aa a 000yy
106    @ar
200 1  @a编辑出版实务@Abian ji chu ban shi wu@e由传统出版到数字出版@d= The practice of editing and publishing@efrom traditional to digital publishing@f胡太春, 金梦玉编著@zeng
210    @a北京@c中国广播影视出版社@d2018
215    @a187页@c图@d26cm
300    @a新编高等院校专业课程特色教材
320    @a有书目
330    @a本书共分十四章,内容包括:传媒出版和它的家族成员:书刊;国际出版业和书刊出版新特点;中国传媒业和书刊出版现状;中国标准书号和图书出版;图书出版合同与知识产权保护等。
510 1  @aPractice of editing and publishing@efrom traditional to digital publishing@zeng
517 1  @a由传统出版到数字出版@Ayou chuan tong chu ban dao shu zi chu ban
606 0  @a编辑工作@Abian ji gong zuo@x出版工作@x高等学校@j教材
606 0  @a电子出版物@Adian zi chu ban wu@x出版工作@x高等学校@j教材
690    @aG232@v5
690    @aG237.6@v5
701  0 @a胡太春@Ahu tai chun@4编著
701  0 @a金梦玉@Ajin meng yu@4编著
801  0 @aCN@b上海新华@c20191020
905    @b1188654-7@dG232@e113@f4
    
    编辑出版实务:由传统出版到数字出版= The practice of editing and publishing:from traditional to digital publishing/胡太春, 金梦玉编著.-北京:中国广播影视出版社,2018
    187页:图;26cm
    新编高等院校专业课程特色教材
    
    ISBN 978-7-5043-8113-2:CNY33.00
    本书共分十四章,内容包括:传媒出版和它的家族成员:书刊;国际出版业和书刊出版新特点;中国传媒业和书刊出版现状;中国标准书号和图书出版;图书出版合同与知识产权保护等。
●
相关链接 在E读中查询图书 在五车中查询图书 在当当中查询图书 在豆瓣中查询图书


正题名:编辑出版实务     索取号:G232/113         预约/预借

序号 登录号 条形码 馆藏地/架位号 状态 备注
1 1188654   211886547   第一样本阅览室/ [索取号:G232/113] 在馆    
2 1188655   211886556   第四借阅区/ [索取号:G232/113] 在馆    
3 1188656   211886565   第四借阅区/ [索取号:G232/113] 在馆    
4 1188657   211886574   第四借阅区/ [索取号:G232/113] 在馆    
唐山师范学院图书馆 欢迎您!
大连网信软件有限公司© 版权所有